[Event "Xtracon Chess Open 2017"]
[Site "Helsingor DEN"]
[Date "2017.07.23"]
[Round "2.126"]
[White "Sidali, Elias Hulleberg"]
[Black "Nielsen, Morten Majlund"]
[Result "0-1"]
[WhiteElo "1672"]
[BlackElo "1927"]
[WhiteFideId "1530518"]
[BlackFideId "1445448"]
[EventDate "2017.07.22"]

1. e4 e6 2. d4 d5 3. Nd2 c5 4. exd5 Qxd5 5. Ngf3 cxd4 6. Bc4 Qd6 7. O-O Nf6 8.
Nb3 Nc6 9. Nbxd4 Nxd4 10. Nxd4 a6 11. Re1 Qc7 12. Bf1 Bd6 13. h3 O-O 14. c3 h6
15. Qc2 b6 16. Be3 Nd5 17. Rad1 Nxe3 18. Rxe3 Bb7 19. g3 Rad8 20. Bg2 Bc5 21.
Red3 Bxg2 22. Kxg2 Be7 23. Qa4 Qb7+ 24. Qc6 Rd7 25. Kg1 Rc8 26. Qa4 b5 27. Qb3
Rcd8 28. Nxe6 Rxd3 29. Nxd8 Rxd8 30. Rxd8+ Bxd8 31. a4 Qd7 32. axb5 axb5 33. Kg2
Qc6+ 34. Kg1 Bb6 35. Qd1 Qe6 36. Qf1 Qe5 37. Qg2 Qe1+ 38. Qf1 Bxf2+ 39. Kg2
Qxf1+ 40. Kxf1 Bxg3 41. Ke2 Be5 42. Ke3 f5 43. h4 g5 44. hxg5 hxg5 0-1

[Event "Xtracon Chess Open 2017"]
[Site "Helsingor DEN"]
[Date "2017.07.23"]
[Round "2.128"]
[White "Ski, Alexander K."]
[Black "Kyrkjebo, Hanna B."]
[Result "0-1"]
[WhiteElo "1658"]
[BlackElo "1923"]
[WhiteFideId "1521659"]
[BlackFideId "1511599"]
[EventDate "2017.07.22"]

1. e4 e5 2. Nf3 Nc6 3. Bc4 Bc5 4. O-O Nf6 5. d4 exd4 6. e5 d5 7. exf6 dxc4 8.
fxg7 Rg8 9. Bg5 Be7 10. Re1 Be6 11. Bxe7 Kxe7 12. Ng5 Rxg7 13. f4 Qg8 14. g3 Kd8
15. Nxe6+ fxe6 16. Nd2 Kd7 17. Nxc4 Rf8 18. Ne5+ Nxe5 19. Qxd4+ Kc8 20. Rxe5
Rxg3+ 21. hxg3 Qxg3+ 22. Kf1 Rxf4+ 0-1

[Event "Xtracon Chess Open 2017"]
[Site "Helsingor DEN"]
[Date "2017.07.23"]
[Round "2.129"]
[White "Rasmussen, Morten Fredsgaard2"]
[Black "Sather, Lars"]
[Result "1-0"]
[WhiteElo "1922"]
[BlackElo "1661"]
[WhiteFideId "1410636"]
[BlackFideId "1501712"]
[EventDate "2017.07.22"]

1. d4 Nf6 2. Bf4 d6 3. e3 Nbd7 4. Nf3 g6 5. Be2 Bg7 6. Nbd2 b6 7. a4 Bb7 8. a5
bxa5 9. Rxa5 c5 10. Qa1 cxd4 11. exd4 Qb6 12. Nc4 Qc7 13. O-O O-O 14. c3 Bd5 15.
Ne3 Nb6 16. c4 Bb7 17. c5 Nc8 18. Rc1 Bc6 19. cxd6 Qb7 20. Ba6 Qd7 21. Ne5 Qxd6
22. Rxc6 Qxd4 23. Rc4 Qd6 24. Nxg6 Qd2 25. Nf5 Qd8 26. Rxc8 Rxc8 27. Ngxe7+ 1-0

[Event "Xtracon Chess Open 2017"]
[Site "Helsingor DEN"]
[Date "2017.07.23"]
[Round "2.130"]
[White "Skjolingstad, Sverre"]
[Black "Mehringer, Joerg"]
[Result "1-0"]
[WhiteElo "1644"]
[BlackElo "1918"]
[WhiteFideId "1519913"]
[BlackFideId "12915351"]
[EventDate "2017.07.22"]

1. e4 e5 2. Nf3 Nc6 3. Bb5 f5 4. d3 fxe4 5. dxe4 Nf6 6. O-O Bc5 7. Qd3 d6 8. Qc4
Bd7 9. Nc3 Nd4 10. Nxe5 dxe5 11. Qxc5 Qe7 12. Bxd7+ Kxd7 13. Qxe7+ Kxe7 14. Bg5
c6 15. f4 Ke6 16. fxe5 Kxe5 17. Rad1 Rad8 18. Na4 Ne2+ 19. Kh1 Rxd1 20. Bxf6+
gxf6 21. Rxd1 Kxe4 22. Re1 1-0

[Event "Xtracon Chess Open 2017"]
[Site "Helsingor DEN"]
[Date "2017.07.23"]
[Round "2.131"]
[White "Mansoor, Afras"]
[Black "Dahl, Max"]
[Result "1-0"]
[WhiteElo "1917"]
[BlackElo "1660"]
[WhiteFideId "1522108"]
[BlackFideId "1526626"]
[EventDate "2017.07.22"]

1. d4 Nf6 2. Bg5 Ne4 3. Bf4 d5 4. e3 e6 5. Bd3 Nf6 6. c4 c6 7. Nc3 Bd6 8. Bg3
Qe7 9. Nf3 Nbd7 10. Ne5 a6 11. a4 dxc4 12. Bxc4 c5 13. O-O O-O 14. a5 cxd4 15.
exd4 Rd8 16. Qf3 Bb8 17. Rfe1 Nxe5 18. dxe5 Nd7 19. Qh5 Qb4 20. Bd3 Nf8 21. Qe2
Ng6 22. h4 Ne7 23. Ra4 Qb3 24. Bc4 Qxa4 25. Nxa4 1-0

[Event "Xtracon Chess Open 2017"]
[Site "Helsingor DEN"]
[Date "2017.07.23"]
[Round "2.132"]
[White "Rygg, Andreas Gangstad"]
[Black "Maselli, Daniel"]
[Result "1/2-1/2"]
[WhiteElo "1633"]
[BlackElo "1914"]
[WhiteFideId "1527754"]
[BlackFideId "2814140"]
[EventDate "2017.07.22"]

1. e4 c5 2. Be2 d6 3. f4 Nc6 4. Nf3 Nf6 5. d3 g6 6. O-O Bg7 7. c3 O-O 8. Kh1 a6
9. Be3 b5 10. a3 Bb7 11. Nbd2 Rc8 12. Qe1 e6 13. Qh4 Ne7 14. Ng5 h6 15. Nh3 d5
16. e5 Nf5 17. Qf2 Nd7 18. d4 cxd4 19. cxd4 Rc2 20. Rab1 Qc7 21. Bd3 Rc6 22. Nb3
Nxe3 23. Qxe3 Rc8 24. Rfc1 Qb6 25. Rxc6 Rxc6 26. Rc1 Bf8 27. Nf2 a5 28. Rxc6
Bxc6 29. Be2 a4 30. Nd2 b4 31. axb4 Qxb4 32. Nd3 Qb6 33. Nb1 Bb5 34. Nc3 Bxd3
35. Qxd3 Qxb2 36. Nxa4 Qa1+ 37. Qd1 Qxd1+ 38. Bxd1 Bb4 39. Be2 Bd2 40. Nc5 Nxc5
41. dxc5 Bxf4 42. g3 Bxe5 43. Kg2 f5 44. Kf3 Bc7 45. h3 Kf7 46. g4 Kf6 47. gxf5
gxf5 48. Ke3 e5 49. Bb5 f4+ 50. Kd3 Kg5 51. Bc6 Kh4 52. Bxd5 Kxh3 53. Bf3 Kg3
54. Ke4 Kh4 55. Kd3 h5 56. Ke2 Kg5 57. Kf2 h4 58. Be4 Kg4 59. Kg2 h3+ 60. Kf2
Bb8 61. c6 Bc7 62. Ke2 Kg3 63. Bf3 Bb6 64. Be4 h2 65. Bf3 Kh4 66. Be4 Kg5 67.
Kf1 h1=Q+ 68. Bxh1 Kf5 69. Ke2 e4 70. Bg2 Ke5 71. Bh1 Kd4 72. Bg2 Ke5 1/2-1/2

[Event "Xtracon Chess Open 2017"]
[Site "Helsingor DEN"]
[Date "2017.07.23"]
[Round "2.133"]
[White "Oland, Arne"]
[Black "Shehzad, Kasher"]
[Result "1/2-1/2"]
[WhiteElo "1912"]
[BlackElo "1650"]
[WhiteFideId "1422081"]
[BlackFideId "1521934"]
[EventDate "2017.07.22"]

1. d4 d5 2. Nf3 c6 3. Bf4 Nf6 4. e3 Bg4 5. Be2 e6 6. Nbd2 Bd6 7. Bxd6 Qxd6 8.
O-O Nbd7 9. c3 Rc8 10. b4 b6 11. h3 Bh5 12. Re1 O-O 13. Nf1 Ne4 14. Rc1 c5 15.
N3d2 Bxe2 16. Qxe2 cxb4 17. Nxe4 dxe4 18. cxb4 Qxb4 19. Qa6 Rc3 20. Qxa7 Nf6 21.
Rb1 Qa3 22. Qxa3 Rxa3 23. Rxb6 Rxa2 24. Ng3 Nd5 25. Rb7 f5 26. Rc1 Ra6 27. h4
Rfa8 28. Rcb1 Ra1 29. Ne2 Rxb1+ 30. Rxb1 Kf7 31. Rb7+ Kf6 32. Ng3 Kg6 33. Rb2
Ra4 34. Ne2 Kf6 35. Rc2 h6 36. g3 g5 37. Kg2 gxh4 38. gxh4 Ra8 39. Ng3 Rg8 40.
Kh3 Ke7 41. Ra2 Kf6 42. Ra6 Re8 43. Ra7 Re7 44. Ra8 Rg7 1/2-1/2

[Event "Xtracon Chess Open 2017"]
[Site "Helsingor DEN"]
[Date "2017.07.23"]
[Round "2.134"]
[White "Wallin, Kenneth"]
[Black "Westerlund, Ola"]
[Result "1/2-1/2"]
[WhiteElo "1633"]
[BlackElo "1910"]
[WhiteFideId "1712861"]
[BlackFideId "1712101"]
[EventDate "2017.07.22"]

1. d4 g6 2. Nf3 Bg7 3. c4 d6 4. b3 Nd7 5. Bb2 e5 6. Nbd2 Ne7 7. Qc2 O-O 8. Rd1
Nc6 9. e3 f5 10. dxe5 Ndxe5 11. Be2 Nb4 12. Qb1 Ned3+ 13. Bxd3 Bxb2 14. Be2 Qf6
15. O-O a5 16. Ne1 Bd7 17. Nd3 Nxd3 18. Qxd3 Bc6 19. Bf3 Qc3 20. Qxc3 Bxc3 21.
Bxc6 bxc6 22. Nf3 c5 23. Ng5 Rfe8 24. Rd3 Bf6 25. Nh3 g5 26. Rd5 Re5 27. Rfd1 h6
28. Kf1 Kf7 29. R1d3 a4 30. f4 Rxd5 31. Rxd5 axb3 32. axb3 Ra1+ 33. Ke2 g4 34.
Nf2 Ra2+ 35. Kf1 Ra1+ 36. Ke2 Ra2+ 37. Kf1 Ra1+ 38. Ke2 Ra2+ 39. Kf1 1/2-1/2

[Event "Xtracon Chess Open 2017"]
[Site "Helsingor DEN"]
[Date "2017.07.23"]
[Round "2.135"]
[White "McAndrew, Robert"]
[Black "Langvik, Ulrikke"]
[Result "1-0"]
[WhiteElo "1909"]
[BlackElo "1640"]
[WhiteFideId "2404915"]
[BlackFideId "1517910"]
[EventDate "2017.07.22"]

1. c4 e6 2. Nf3 f5 3. Nc3 Nf6 4. b3 b6 5. g3 Bb7 6. Bg2 Be7 7. O-O O-O 8. Bb2
Ne4 9. Qc2 d6 10. Nd4 Qc8 11. Nxe4 fxe4 12. Bxe4 e5 13. Nf3 Na6 14. Kg2 Nc5 15.
Bxb7 Qxb7 16. d4 exd4 17. Bxd4 Ne6 18. Rad1 Ng5 19. Rd3 Nxf3 20. exf3 Rf7 21.
Qe2 Raf8 22. Qe4 Qc8 23. Re1 Bf6 24. Bxf6 Rxf6 25. Qd5+ Kh8 26. Re7 h6 27. Qc6
Qf5 28. Rde3 Qh5 29. Rxc7 g5 30. Qe4 R6f7 31. Rxf7 Rxf7 32. g4 Qh4 33. Qg6 Rf8
34. Re7 Rxf3 35. Qh7# 1-0

[Event "Xtracon Chess Open 2017"]
[Site "Helsingor DEN"]
[Date "2017.07.23"]
[Round "2.136"]
[White "Starup, Leo"]
[Black "Skjoldager, Flemming"]
[Result "0-1"]
[WhiteElo "1629"]
[BlackElo "1906"]
[WhiteFideId "1422669"]
[BlackFideId "1406515"]
[EventDate "2017.07.22"]

1. e4 c5 2. Nf3 e6 3. d4 cxd4 4. Nxd4 a6 5. g3 Qc7 6. Bg2 Nf6 7. Be3 Nc6 8. c3
Be7 9. O-O h5 10. h4 Ng4 11. Nxc6 bxc6 12. Qf3 Bxh4 13. Bd4 Bf6 14. Bxf6 Nxf6
15. Nd2 e5 16. Bh3 d5 17. Bxc8 Qxc8 18. Qf5 Qxf5 19. exf5 h4 20. Nf3 hxg3 21.
fxg3 Ng4 22. Rae1 e4 23. Ng5 O-O 24. Kg2 Rfe8 25. Rh1 Kf8 26. Rh8+ Ke7 27. Rh7
Kf6 28. Rh5 Rh8 29. Nh7+ Ke7 30. Reh1 Rhg8 31. Ng5 Rae8 32. Re1 Nf6 33. Rh4 Rh8
34. Reh1 Rxh4 35. Rxh4 Nd7 36. Nh3 Kf6 37. g4 Ne5 38. Nf4 g6 39. fxg6 fxg6 40.
Nh3 Kg7 41. g5 Nd3 42. b4 e3 43. Rd4 e2 44. Rxd3 e1=Q 0-1

[Event "Xtracon Chess Open 2017"]
[Site "Helsingor DEN"]
[Date "2017.07.23"]
[Round "2.137"]
[White "Bex, Lennert"]
[Black "Bratteteig, Tore-Inge"]
[Result "1/2-1/2"]
[WhiteElo "1900"]
[BlackElo "1637"]
[WhiteFideId "232254"]
[BlackFideId "1510711"]
[EventDate "2017.07.22"]

1. c4 Nf6 2. Nc3 c5 3. g3 g6 4. Bg2 Bg7 5. d3 O-O 6. Nf3 Nc6 7. O-O d6 8. Rb1
Bd7 9. h3 Qc8 10. Kh2 Nd8 11. Nd5 Re8 12. b4 Nxd5 13. cxd5 b6 14. Bb2 Rb8 15.
Bxg7 Kxg7 16. Qd2 e5 17. Ng5 h6 18. Ne4 Qc7 19. f4 f5 20. Nc3 Nf7 21. a4 a5 22.
bxc5 bxc5 23. Nb5 Bxb5 24. Rxb5 Rxb5 25. axb5 Qb6 26. Ra1 Ra8 27. fxe5 Nxe5 28.
Qb2 Kf7 29. Bf1 a4 30. e3 Nd7 31. d4 Qa5 32. Qc2 a3 33. Bc4 Re8 34. Qd3 Ra8 35.
Qc2 Re8 36. Qd3 1/2-1/2

[Event "Xtracon Chess Open 2017"]
[Site "Helsingor DEN"]
[Date "2017.07.23"]
[Round "2.138"]
[White "Jansson, Helge"]
[Black "Stern, Geoffrey"]
[Result "0-1"]
[WhiteElo "1627"]
[BlackElo "1897"]
[WhiteFideId "1523198"]
[BlackFideId "4002679"]
[EventDate "2017.07.22"]

1. e4 e6 2. d4 d5 3. Nc3 Bb4 4. e5 Qd7 5. Nf3 b6 6. a3 Bxc3+ 7. bxc3 Ba6 8. Bd3
Ne7 9. O-O Qa4 10. Bxa6 Qxa6 11. Qd3 O-O 12. a4 Qxd3 13. cxd3 Nbc6 14. Ba3 Rfc8
15. Nd2 h5 16. f4 Nf5 17. Rf2 Na5 18. Re1 Rab8 19. g4 hxg4 20. Rg2 Nh6 21. Nf1
c5 22. Ne3 cxd4 23. cxd4 Rc3 24. Bd6 Rbc8 25. Nxg4 Nxg4 26. Rxg4 Nc6 27. Re3
Nxd4 28. Kf2 Rc2+ 29. Kg3 Nf5+ 0-1

[Event "Xtracon Chess Open 2017"]
[Site "Helsingor DEN"]
[Date "2017.07.23"]
[Round "2.139"]
[White "Stuhlmann, Alexander"]
[Black "Vinter, Christoffer"]
[Result "1-0"]
[WhiteElo "1895"]
[BlackElo "1633"]
[WhiteFideId "12969788"]
[BlackFideId "1449737"]
[EventDate "2017.07.22"]

1. c4 e5 2. Nc3 Nf6 3. g3 Bc5 4. Bg2 Nc6 5. d3 d6 6. Nf3 Bd7 7. a3 a6 8. O-O Qe7
9. e3 Bg4 10. b4 Ba7 11. b5 axb5 12. cxb5 Nd8 13. Qd2 O-O 14. Bb2 Ne6 15. h3 Bh5
16. Qc2 Qd7 17. a4 Bxf3 18. Bxf3 Ng5 19. Bxb7 Nxh3+ 20. Kg2 Ng5 21. Rh1 Rab8 22.
Bc6 Qf5 23. Qe2 Ng4 24. Rh4 Nf6 25. Nd5 Nxd5 26. Bxd5 Rfe8 27. Bc6 Re6 28. Bd7
Rf8 29. Bxe6 fxe6 30. Rah1 e4 31. dxe4 Nxe4 32. Rf4 1-0

[Event "Xtracon Chess Open 2017"]
[Site "Helsingor DEN"]
[Date "2017.07.23"]
[Round "2.140"]
[White "Sandberg, Martin"]
[Black "Petersen, Jan"]
[Result "1-0"]
[WhiteElo "1893"]
[BlackElo "1628"]
[WhiteFideId "1707159"]
[BlackFideId "1426320"]
[EventDate "2017.07.22"]

1. Nf3 e6 2. c4 f5 3. g3 Nf6 4. Bg2 Be7 5. O-O O-O 6. b3 d6 7. Nc3 e5 8. d4 Qe8
9. Bb2 Nc6 10. Nd5 Nxd5 11. cxd5 Nxd4 12. Nxd4 exd4 13. Bxd4 f4 14. Rc1 Bd8 15.
e3 fxe3 16. fxe3 Rxf1+ 17. Qxf1 Bg5 18. Rxc7 Bxe3+ 19. Bxe3 Qxe3+ 20. Qf2 Qxf2+
21. Kxf2 Bf5 22. Rxb7 Rf8 23. Rxa7 Bb1+ 24. Ke3 Rc8 25. Bh3 Rc3+ 26. Kd2 Rc2+
27. Kd1 Rxa2 28. Rxa2 Bxa2 29. Kc2 Kf7 30. Kb2 Bxb3 31. Kxb3 Kf6 32. Kc3 Ke5 33.
Bg2 g5 34. Kd3 h5 35. Ke3 h4 36. g4 h3 37. Bf3 Kf6 38. Kd4 Ke7 39. Be2 Kd7 40.
Bf1 Kc7 41. Bxh3 Kd7 42. Ke4 Ke7 43. Kf5 1-0

[Event "Xtracon Chess Open 2017"]
[Site "Helsingor DEN"]
[Date "2017.07.23"]
[Round "2.141"]
[White "Fuglestein, Sander"]
[Black "Kashwan, Hassan"]
[Result "1/2-1/2"]
[WhiteElo "1626"]
[BlackElo "1892"]
[WhiteFideId "1536680"]
[BlackFideId "137122555"]
[EventDate "2017.07.22"]

1. e4 c5 2. Nf3 d6 3. d4 cxd4 4. Nxd4 Nf6 5. Nc3 a6 6. Bg5 e6 7. f4 Be7 8. Qf3
Qc7 9. O-O-O Nbd7 10. g4 h6 11. Bxf6 Bxf6 12. Bg2 Rb8 13. h4 b5 14. Nce2 Be7 15.
g5 hxg5 16. hxg5 Rxh1 17. Rxh1 Nf8 18. Rh8 e5 19. Nf5 Bxf5 20. exf5 Rc8 21. c3
b4 22. Qd5 Qc5 23. Qd3 bxc3 24. Nxc3 Qg1+ 25. Bf1 Qb6 26. Qxa6 Qxa6 27. Bxa6
Rxc3+ 28. bxc3 f6 29. fxe5 fxg5 30. e6 Bf6 31. Rh3 Ke7 32. a4 g6 33. fxg6 Nxg6
34. Bc4 Ne5 35. Bd5 g4 36. Rg3 Bg5+ 37. Kc2 Bf4 38. Rg2 g3 39. c4 Kd8 40. Kb3
Ng4 41. Re2 Be5 42. a5 Nf6 43. a6 Bd4 44. Rd2 Bc5 45. Bg2 Ke7 46. Ra2 Ba7 47.
Ra5 Kxe6 48. Rb5 Nd7 49. Bh3+ Kf6 50. Rf5+ Kg6 51. Rf3 Nc5+ 52. Kb4 Nxa6+ 53.
Kb5 Nc7+ 54. Kc6 Ne8 55. Rxg3+ Kf7 56. Rf3+ Ke7 57. Rf1 Bc5 58. Re1+ Kf8 59. Ra1
Nf6 60. Be6 Ke7 61. Bd5 Ng4 62. Re1+ Kf6 63. Re6+ Kf5 64. Rxd6 Bxd6 65. Kxd6 Ne5
66. c5 Kf6 67. Be6 Nf3 68. c6 Nd4 1/2-1/2

[Event "Xtracon Chess Open 2017"]
[Site "Helsingor DEN"]
[Date "2017.07.23"]
[Round "2.142"]
[White "Moller, Arne Vang"]
[Black "Larsen, Hans Haagen"]
[Result "1-0"]
[WhiteElo "1890"]
[BlackElo "1627"]
[WhiteFideId "1406175"]
[BlackFideId "1409557"]
[EventDate "2017.07.22"]

1. e4 e6 2. d4 d5 3. Nc3 Bb4 4. e5 c5 5. a3 Bxc3+ 6. bxc3 Ne7 7. f4 Nbc6 8. Nf3
Qa5 9. Bd2 cxd4 10. cxd4 Qa4 11. Bd3 h6 12. Bc3 Nd8 13. O-O Bd7 14. Qd2 Bb5 15.
Rfb1 Bxd3 16. Qxd3 O-O 17. Bb4 Re8 18. Nh4 Rc8 19. c3 Qc6 20. f5 Nxf5 21. Nxf5
exf5 22. Qxf5 Qe6 23. Qf3 b6 24. h3 Nb7 25. a4 Rc7 26. a5 bxa5 27. Bxa5 Nxa5 28.
Rxa5 Rd8 29. Rbb5 Rcd7 30. Rc5 f6 31. exf6 Qxf6 32. Qxf6 gxf6 33. Kf2 Kf7 34.
Ra6 Kg6 35. Kf3 h5 36. h4 Kf5 37. Rcc6 Rf8 38. Ra5 Kg6 39. Kf4 Re8 40. Raa6 Rf7
41. g3 Re4+ 42. Kf3 Kf5 43. Rd6 Re1 44. Rxd5+ Kg6 45. Rdd6 Rc1 46. Rdc6 Kg7 47.
d5 f5 48. d6 f4 49. gxf4 Rf1+ 50. Ke3 R1xf4 51. d7 Rf3+ 52. Ke4 R3f4+ 53. Ke5
R4f5+ 54. Kd6 R5f6+ 55. Kc7 Rxc6+ 56. Rxc6 1-0

[Event "Xtracon Chess Open 2017"]
[Site "Helsingor DEN"]
[Date "2017.07.23"]
[Round "2.143"]
[White "Warston, Hakan"]
[Black "Trost, Edvin"]
[Result "0-1"]
[WhiteElo "1623"]
[BlackElo "1887"]
[WhiteFideId "1717367"]
[BlackFideId "1729519"]
[EventDate "2017.07.22"]

1. d4 Nf6 2. c4 c5 3. d5 b5 4. cxb5 a6 5. bxa6 Bxa6 6. Nc3 d6 7. g3 g6 8. Bg2
Bg7 9. Nf3 O-O 10. O-O Nbd7 11. Rb1 Ng4 12. Bd2 Qa5 13. h3 Nge5 14. Nxe5 Nxe5
15. b3 Nc4 16. Rc1 Nxd2 17. Qxd2 Ra7 18. Rfe1 Rb8 19. Rc2 Bc8 20. Nb1 Qb6 21. e4
Rba8 22. Bf1 f5 23. Bg2 fxe4 24. g4 Ba6 25. Rxe4 c4 26. b4 Rb8 27. a3 Bb5 28.
Bf1 c3 29. Nxc3 Bxf1 30. Kxf1 Rxa3 31. Rc4 Rf8 32. Nd1 Rxh3 33. Kg2 Rhf3 34. Rc8
Be5 35. Rxf8+ Rxf8 36. Rc4 Qb5 37. Re4 Qa4 38. Nb2 Qb3 39. Nd3 Qxd5 40. Qe3 Bg7
41. Nf4 Qc6 42. Ne6 d5 43. Qb3 Kh8 44. b5 Qb7 45. Nc5 Qa8 46. Rxe7 d4+ 47. f3
Qa5 48. Ne4 Qd8 49. Re6 Qb8 50. Rd6 Re8 51. Rd5 Qf4 52. Qd3 Be5 53. Qd2 Qh2+ 54.
Kf1 Qh1+ 55. Kf2 Rf8 56. Qe2 Bh2 0-1

[Event "Xtracon Chess Open 2017"]
[Site "Helsingor DEN"]
[Date "2017.07.23"]
[Round "2.144"]
[White "Nielsen, Carsten Juul"]
[Black "Hansen, Anders2"]
[Result "1/2-1/2"]
[WhiteElo "1886"]
[BlackElo "1624"]
[WhiteFideId "1402242"]
[BlackFideId "1711237"]
[EventDate "2017.07.22"]

1. d4 Nf6 2. c4 g6 3. Nc3 Bg7 4. e4 d6 5. Bd3 O-O 6. Nge2 Nc6 7. f3 Rb8 8. Be3
b6 9. a3 e6 10. O-O Bb7 11. b4 a6 12. Rc1 Ne7 13. d5 exd5 14. cxd5 c6 15. dxc6
Nxc6 16. b5 axb5 17. Nxb5 d5 18. Bf4 dxe4 19. fxe4 Ng4 20. Bxb8 Qxb8 21. Rf4 h5
22. g3 Bh6 23. Bc4 Nce5 24. Qd6 Bxf4 25. gxf4 Nxc4 26. Rxc4 Rd8 27. Qxb8 Rxb8
28. Nec3 Rc8 29. Rxc8+ Bxc8 30. Nd5 Bb7 31. Nbc3 Kg7 32. Nxb6 Kf6 33. Nbd5+ Ke6
34. h3 Nf6 35. Nxf6 Kxf6 36. a4 Ke6 37. Kf2 f6 38. Ne2 Bxe4 39. Ke3 Ba8 40. h4
Kf5 41. Nd4+ Kg4 42. Ne6 Kxh4 43. Nf8 g5 44. Nh7 g4 45. Nxf6 g3 46. f5 g2 47.
Kf2 Kg5 48. Ne8 h4 49. f6 Kg6 50. Nc7 Bc6 51. Ne6 Kxf6 52. Nf4 g1=Q+ 53. Kxg1
Kg5 54. Ne6+ Kg4 55. Kh2 Bxa4 56. Nc5 Bb5 57. Ne4 1/2-1/2

[Event "Xtracon Chess Open 2017"]
[Site "Helsingor DEN"]
[Date "2017.07.23"]
[Round "2.145"]
[White "Matsumura, Cocoro"]
[Black "Rasmussen, Jonas H"]
[Result "1/2-1/2"]
[WhiteElo "1621"]
[BlackElo "1885"]
[WhiteFideId "36087114"]
[BlackFideId "1511637"]
[EventDate "2017.07.22"]

1. e4 e5 2. Nf3 Nc6 3. d4 exd4 4. Nxd4 Bc5 5. Be3 Bxd4 6. Bxd4 Nf6 7. Nc3 Nxd4
8. Qxd4 d6 9. O-O-O O-O 10. e5 Ng4 11. exd6 cxd6 12. h3 Nf6 13. Qxd6 Qxd6 14.
Rxd6 Be6 15. Be2 Rfd8 16. Rhd1 Rxd6 17. Rxd6 Kf8 18. Bf3 Rb8 19. Rd4 Ke7 20. Kd2
a6 21. a4 Nd7 22. Bd5 Nc5 23. b4 Nd7 24. Bxe6 fxe6 25. f4 Rf8 26. Ne2 Nb6 27. b5
axb5 28. axb5 Nd7 29. Ke3 Rc8 30. c3 Rc5 31. Rb4 Nb6 32. Kd3 Nd5 33. Rb1 Nb6 34.
Rb4 1/2-1/2

[Event "Xtracon Chess Open 2017"]
[Site "Helsingor DEN"]
[Date "2017.07.23"]
[Round "2.146"]
[White "Undheim, Bjarne"]
[Black "Easwaralingam, Janith"]
[Result "1/2-1/2"]
[WhiteElo "1882"]
[BlackElo "1621"]
[WhiteFideId "1506862"]
[BlackFideId "1448560"]
[EventDate "2017.07.22"]

1. e4 d6 2. d4 Nf6 3. Nc3 g6 4. Nf3 Bg7 5. h3 a6 6. Bd3 b5 7. Be3 Bb7 8. a3 Nc6
9. O-O O-O 10. Qd2 e5 11. dxe5 Nxe5 12. Nxe5 dxe5 13. Rfe1 Rc8 14. Rad1 c5 15.
Bg5 c4 16. Bf1 Qxd2 17. Rxd2 Rfd8 18. Rxd8+ Rxd8 19. f3 h6 1/2-1/2

[Event "Xtracon Chess Open 2017"]
[Site "Helsingor DEN"]
[Date "2017.07.23"]
[Round "2.147"]
[White "Nilssen, Steinar"]
[Black "Aasen, Kjetil Myrlid"]
[Result "0-1"]
[WhiteElo "1608"]
[BlackElo "1881"]
[WhiteFideId "1525620"]
[BlackFideId "1539027"]
[EventDate "2017.07.22"]

1. d4 d5 2. Bf4 Nf6 3. e3 e6 4. Nd2 Nbd7 5. Ngf3 c5 6. c3 a6 7. a4 Nh5 8. Bg3
Nxg3 9. hxg3 Bd6 10. Bd3 e5 11. e4 cxd4 12. cxd4 exd4 13. exd5 Qe7+ 14. Kf1 Nf6
15. Qc2 Nxd5 16. Re1 Be6 17. Bc4 Rc8 18. b3 g6 19. Nxd4 O-O 20. Nxe6 fxe6 21.
Qe4 Bxg3 22. Nf3 Bb8 23. Bxd5 Rcd8 24. Qxe6+ Qxe6 25. Bxe6+ Kg7 26. Rh4 Rd3 27.
Rhe4 Ba7 28. Bc4 Rc3 29. Re7+ Kf6 30. R7e6+ Kg7 31. Re7+ Kf6 32. Rxh7 Rc2 33.
Re2 Rc1+ 34. Ne1 g5 35. Rxb7 Bc5 36. Rc7 Bb4 37. Rc6+ Kg7 38. Re7+ Bxe7 39. Rxa6
Bb4 40. Re6 Rh8 41. f3 Rxe1+ 42. Kf2 Rxe6 43. Bxe6 Re8 44. Bd5 Be1+ 45. Kf1 Bg3
46. Be4 Rb8 47. Bc2 Rc8 48. Be4 Rc3 49. Bd5 Re3 50. Bc4 Re1# 0-1

[Event "Xtracon Chess Open 2017"]
[Site "Helsingor DEN"]
[Date "2017.07.23"]
[Round "2.148"]
[White "Magnussen, Pal"]
[Black "Gaure, Sigurd Lauvas"]
[Result "1-0"]
[WhiteElo "1881"]
[BlackElo "1619"]
[WhiteFideId "1711814"]
[BlackFideId "1524933"]
[EventDate "2017.07.22"]

1. e4 c5 2. Nf3 d6 3. d4 cxd4 4. Nxd4 Nf6 5. Nc3 g6 6. Be2 Bg7 7. Be3 O-O 8. O-O
Nc6 9. Nb3 Be6 10. f4 Bxb3 11. axb3 e6 12. Bf3 d5 13. e5 d4 14. Bxc6 bxc6 15.
Bxd4 Nd5 16. Rxa7 Nxc3 17. bxc3 Rxa7 18. Bxa7 Qa5 19. Qa1 Qxa1 20. Rxa1 Ra8 21.
Ra5 f6 22. b4 fxe5 23. fxe5 Bh6 24. Bd4 Rc8 25. Ra7 Bf8 26. Ra5 Kf7 27. Kf2 g5
28. Ke3 h5 29. Ke4 Kg6 30. Bc5 h4 31. c4 Kh5 32. Bd6 Rd8 33. c5 Rc8 34. Ra7 Kg4
35. Rf7 Bh6 36. Rf6 Kh5 37. Rxe6 g4 38. Rf6 Bg5 39. Rf7 Bd2 1-0

[Event "Xtracon Chess Open 2017"]
[Site "Helsingor DEN"]
[Date "2017.07.23"]
[Round "2.149"]
[White "Christensen, John Christopher Hojstrup"]
[Black "Jarlnaes, Erik"]
[Result "0-1"]
[WhiteElo "1603"]
[BlackElo "1880"]
[WhiteFideId "1453947"]
[BlackFideId "1414623"]
[EventDate "2017.07.22"]

1. e4 e6 2. d4 d5 3. Nc3 Bb4 4. Qg4 Nf6 5. Qf3 dxe4 6. Qe3 Nd5 7. Qg3 Qf6 8. Ne2
Qg6 9. Be3 Qxg3 10. hxg3 f5 11. a3 Nxe3 12. fxe3 Bd6 13. O-O-O Bd7 14. Nf4 Kf7
15. Bc4 Bxf4 16. gxf4 c6 17. Rdg1 Kf6 18. g4 b5 19. Ba2 Na6 20. g5+ Kg6 21. Nb1
Nc7 22. Nd2 Nd5 23. Rh3 a5 24. c4 Nc7 25. b3 c5 26. Kb2 b4 27. a4 Bc6 28. Rd1
Rad8 29. Nf1 h6 30. Rg3 hxg5 31. Rxg5+ Kf6 32. Kb1 Rh1 33. Kc1 cxd4 34. exd4 e3
35. Nxe3 Rxd1+ 36. Kxd1 Bf3+ 37. Ke1 Rxd4 38. Bb1 Rxf4 0-1